000 01304nam a2200229Ia 4500
003 Ost
005 20260507074954.0
008 260507s9999||||xx |||||||||||||| ||und||
020 _a9957160990
040 _cfsecg
041 _aara
082 _a346
100 _aزين الدين، صلاح
_eمؤلف
245 0 _aالعلامات التجارية وطنيا ودوليا /
_c صلاح زين الدين
260 _aعمان:
_bدار الثقافة,
_c2005
300 _a456 صفحة؛
_bإيضاحات ؛
_c25 سم
504 _aالملاحق:ص.347-450؛ببليوغرافيا:ص.451-456
520 _aالتطور التاريخي والتشريعي للعلامة التجارية والتعريف بها،تمييز العلامة التجارية عن غيرها وأسس اختيارها وخصائصها،الشروط الموضوعية والشكلية للعلامة التجارية وآثار تسجيلها،تسجيل العلامة التجارية الأجنبية وحمايتها،الحق في العلامة التجارية،الحماية القانونية للعلامة التجارية،التنظيم الدولي للعلامة التجارية
653 _aالعلامات التجارية
653 _aالقانون التجاري
942 _cكتاب
999 _c42018
_d42018